000 00593nam a2200205Ia 4500
003 GCL
008 140319s9999 xx 000 0 ara d
020 _a977090855X
040 _aGCL /
_cGCL
082 0 4 _a297.124
_bE F
100 1 _aDENYS, DEVYS JOHNSON
245 1 0 _aFORTY HADITH QUDSI :
_bالاربعون القددسية /
_cDENYS, DEVYS JOHNSON
700 1 _aEZZEDDIN IBRAHIM
260 _aالقاهرة :
_bDAR EL SHOROUK ،
_c2002
300 _a20 CM ؛
_c151 P
650 0 4 _aHADITH
650 0 4 _aHADITH - COLLECTION
650 0 4 _aIMAMS ( SHIITES ) - HADITH
942 _2ddc
_cBK
999 _c5667
_d5667